| 000 | 01138nam0a22002651 4500 | ||
|---|---|---|---|
| 001 | rc\4516621 | ||
| 005 | 20250612104900.0 | ||
| 021 |
_aRU _b[57-23717] |
||
| 035 | _a(NLR Aleph) 008622536 | ||
| 090 |
_a8832267 _c8832267 |
||
| 100 | _a20130416d1957 |||y0rusy50 ca | ||
| 101 | 0 | _arus | |
| 102 | _aRU | ||
| 105 | _ay z ||||| | ||
| 200 | 1 |
_aПрименение микроэлементов в растениеводстве _fДоклад проф. М.В. Каталымова |
|
| 210 |
_aМосква _cБ. и. _d1957 |
||
| 215 |
_a20 с. _d20 |
||
| 225 | 1 | _aМинистерство сельского хозяйства СССР. Совещание по вопросам наиболее эффективных способов использования минеральных, органических и бактериальных удобрений. Май 1957 г. [Доклады] | |
| 606 |
_aМикроудобрения _2psbo |
||
| 700 | 1 |
_aКаталымов _bМ.В. _gМихаил Васильевич |
|
| 801 | 0 |
_aRU _bNLR _gpsbo |
|
| 801 | 1 |
_aRU _bELAR _2rusmarc |
|
| 852 |
_aNLR _j57-4/6261 |
||
| 942 | _cBOOK | ||
| 980 | _aNB | ||